000 00583nam a2200193 a 4500
001 000011502
005 20240412074227.0
008 091019s1964 dr 000 j spa d
040 _aDO-SdBNP
_bspa
_cBNPHU
082 _aRD863.44
_bA516t
100 1 _aAmiama, Manuel A.
_d1899-1991
_98438
245 1 0 _aTio Juan y otros cuentos /
_cManuel Antonio Amiama.
260 _aSanto Domingo :
_bMontalvo,
_c1964.
300 _a262 p. ;
_c23 cm.
650 0 _aCuentos dominicanos
_9176
650 0 _aLiteratura dominicana.
_967
910 _aValidado. Control de calidad EMS
049 _aBNPD
999 _c11203
_d11203